Русские сокровища Британской короны (Запись № 12309483)

Подробности
000 -МАРКЕР
контрольное поле 02688nam0a2200457 i 4500
001 - ИДЕНТИФИКАТОР ЗАПИСИ
контрольное поле RU\NLR\BIBL_A\012517713
005 - ИДЕНТИФИКАТОР ВЕРСИИ
контрольное поле 20260409072206.0
010 ## - МЕЖДУНАРОДНЫЙ СТАНДАРТНЫЙ НОМЕР КНИГИ (ISBN)
Номер (ISBN) 9785387015502
Тираж 1500
035 ## - ДРУГИЕ СИСТЕМНЫЕ НОМЕРА
Идентификатор записи (NLR Aleph) 012517713
100 ## - ДАННЫЕ ОБЩЕЙ ОБРАБОТКИ
Данные общей обработки 20210514d2019 u y0rusy50 ca
101 1# - ЯЗЫК РЕСУРСА
Язык текста, звукозаписи и т.д. русский
Язык оригинала английский
102 ## - СТРАНА ПУБЛИКАЦИИ ИЛИ ПРОИЗВОДСТВА
Страна публикации российская федерация
105 ## - ПОЛЕ КОДИРОВАННЫХ ДАННЫХ: ТЕКСТОВЫЕ МАТЕРИАЛЫ, МОНОГРАФИЧЕСКИЕ
Кодированные данные о монографическом текстовом документе ach z 000zy
181 #0 - ПОЛЕ КОДИРОВАННЫХ ДАННЫХ: ВИД СОДЕРЖАНИЯ
Код вида содержания (ISBD) i
Код характеристики содержания (ISBD) axxe
182 #0 - ПОЛЕ КОДИРОВАННЫХ ДАННЫХ: ТИП СРЕДСТВА
Код типа средства (ISBD) n - непосредственное
200 1# - ЗАГЛАВИЕ И СВЕДЕНИЯ ОБ ОТВЕТСТВЕННОСТИ
Основное заглавие Русские сокровища Британской короны
Сведения, относящиеся к заглавию по материалам выставки "Россия: королевская семья и Романовы" в Букингемском дворце
Первые сведения об ответственности Каролина де Гито, Стивен Паттерсон
Последующие сведения об ответственности перевод с английского: Ирина Новоселецкая, Виктор Финогенов
203 ## - ВИД СОДЕРЖАНИЯ И ТИП СРЕДСТВА
Вид содержания Текст
Дополнительные сведения об издании визуальный
Тип средства непосредственный
210 ## - ПУБЛИКАЦИЯ, РАСПРОСТРАНЕНИЕ И ДР.
Место издания, распространения и т.д. Москва
Имя издателя, распространителя и т. д. Слово/Slovo
Дата издания, распространения и т.д. 2019
215 ## - ФИЗИЧЕСКАЯ ХАРАКТЕРИСТИКА
Специфическое обозначение материала и объем 525, [1] с.
Другие сведения о физической характеристике цв. ил., портр., факс.
Размеры 27
300 ## - ОБЩИЕ ПРИМЕЧАНИЯ
Текст примечания На обл. и суперобл. авт. не указаны
320 ## - ПРИМЕЧАНИЯ О НАЛИЧИИ В ДОКУМЕНТЕ БИБЛИОГРАФИИ / УКАЗАТЕЛЯ
Текст примечания Библиогр.: с. 516-524 и в примеч.: с. 504-515
320 ## - ПРИМЕЧАНИЯ О НАЛИЧИИ В ДОКУМЕНТЕ БИБЛИОГРАФИИ / УКАЗАТЕЛЯ
Текст примечания Др. кн. авторов на 3-й с. суперобл.
602 ## - РОДОВОЕ ИМЯ КАК ПРЕДМЕТ
Начальный элемент ввода Романовы
Тип рода династия
Даты 1613 - 1917
Формальный подзаголовок Документы и материалы
Идентификатор авторитетной/нормативной записи RU\NLR\AUTH\66963051
-- 1521176
606 1# - НАИМЕНОВАНИЕ ТЕМЫ КАК ПРЕДМЕТ
Наименование темы Изобразительное искусство русское
Тематический подзаголовок Связи
-- Изобразительное искусство
Географический подзаголовок Великобритания
Системный номер авторитетной/нормативной записи 2289881
Идентификатор авторитетной/нормативной записи RU\NLR\AUTH\6601599010
606 1# - НАИМЕНОВАНИЕ ТЕМЫ КАК ПРЕДМЕТ
Наименование темы Изобразительное искусство
Тематический подзаголовок Связи
-- Изобразительное искусство русское
Географический подзаголовок Великобритания
Системный номер авторитетной/нормативной записи 2289882
Идентификатор авторитетной/нормативной записи RU\NLR\AUTH\6601599011
607 ## - ГЕОГРАФИЧЕСКОЕ НАИМЕНОВАНИЕ КАК ПРЕДМЕТ
Географическое наименование Россия
Формальный подзаголовок Документы и материалы
Тематический подзаголовок Взаимоотношения
Географический подзаголовок Великобритания
Системный номер авторитетной/нормативной записи 2326085
Идентификатор авторитетной/нормативной записи RU\NLR\AUTH\661391305
607 ## - ГЕОГРАФИЧЕСКОЕ НАИМЕНОВАНИЕ КАК ПРЕДМЕТ
Географическое наименование Великобритания
Формальный подзаголовок Документы и материалы
Тематический подзаголовок Взаимоотношения
Географический подзаголовок Россия
Системный номер авторитетной/нормативной записи 2326086
Идентификатор авторитетной/нормативной записи RU\NLR\AUTH\661391306
686 1# - ИНДЕКСЫ ДРУГИХ КЛАССИФИКАЦИЙ
Индекс Т214(2)0-1,011
686 1# - ИНДЕКСЫ ДРУГИХ КЛАССИФИКАЦИЙ
Индекс Т3(2)0-64(4Вл),011
686 1# - ИНДЕКСЫ ДРУГИХ КЛАССИФИКАЦИЙ
Индекс Т3(4Вл)0-64(2),011
686 1# - ИНДЕКСЫ ДРУГИХ КЛАССИФИКАЦИЙ
Индекс Щ103(2Р=Рус)-183
686 1# - ИНДЕКСЫ ДРУГИХ КЛАССИФИКАЦИЙ
Индекс Щ103(4Вл)-183
700 #1 - ИМЯ ЛИЦА - ПЕРВИЧНАЯ ОТВЕТСТВЕННОСТЬ
Начальный элемент ввода Гито
Часть имени, кроме начального элемента ввода К. де.
Расширение инициалов личного имени Каролина де
701 #1 - ИМЯ ЛИЦА - АЛЬТЕРНАТИВНАЯ ОТВЕТСТВЕННОСТЬ
Начальный элемент ввода Паттерсон
Часть имени, кроме начального элемента ввода С.
Расширение инициалов личного имени Стивен
711 12 - НАИМЕНОВАНИЕ ОРГАНИЗАЦИИ - АЛЬТЕРНАТИВНАЯ ОТВЕТСТВЕННОСТЬ
Начальный элемент ввода "Россия: королевская семья и Романовы" , выставка
Место проведения временной организации Лондон
Дата проведения временной организации 2018
Системный номер авторитетной/нормативной записи 749485
Идентификатор авторитетной/нормативной записи RU\NLR\AUTH\880542586
942 ## - ДОПОЛНИТЕЛЬНЫЕ ЭЛЕМЕНТЫ ЗАПИСИ (АБИС)
Тип экземпляра АБИС Книга
980 ## - КОЛЛЕКЦИЯ
Название коллекции НБР

Нет доступных экземпляров.